| 000 | 00681nam a2200205Ia 4500 | ||
|---|---|---|---|
| 003 | OSt | ||
| 005 | 20250903100757.0 | ||
| 008 | 220923b |||||||| |||| 00| 0 eng d | ||
| 037 | _cReference | ||
| 040 |
_aRTL _cRTL _beng |
||
| 041 |
_2eng _aeng |
||
| 084 |
_aB316, K3 _qRTL |
||
| 100 |
_aBerge, Claude _9266204 |
||
| 245 | 0 | _aTopological spaces: Including a treatment of multi-valued functions vector spaces and convexity | |
| 260 |
_aEdinburgh _bOliver and Boyd _c1963 |
||
| 300 |
_axiii, 270 p. _cIncludes bibliographical references and index |
||
| 700 |
_aPatterson, E. M. _eTranslator |
||
| 942 |
_hB316, K3 _cREF _2CC _n0 |
||
| 999 |
_c546658 _d546658 |
||